Loading...
| History - European | 0 | 5 | 0 | 0 | 50 | 63 | 82.20 | 3 | 5 | 15.81 | 40.30 |
| History - American | 0 | 5 | 0 | 0 | 50 | 39 | 83.60 | 2 | 3 | 15.11 | 28.79 |
| Mythology | 0 | 3 | 0 | 1 | 30 | 49 | 98.67 | 1 | 2 | 7.26 | 14.85 |
| Fine Arts - Painting and Sculpture | 0 | 3 | 0 | 0 | 30 | 86 | 98.67 | 0 | 1 | 5.68 | 11.52 |
| Science - Biology | 0 | 3 | 0 | 1 | 30 | 64 | 70.00 | 0 | 1 | 9.65 | 14.24 |
| Literature - British | 0 | 3 | 0 | 0 | 30 | 114 | 126.67 | 0 | 0 | 2.26 | 9.09 |
| Religion | 0 | 2 | 0 | 1 | 20 | 93 | 106.00 | 0 | 1 | 2.33 | 6.06 |
| Other Academic | 0 | 2 | 0 | 1 | 20 | 83 | 104.00 | 0 | 2 | 12.84 | 38.89 |
| Science - Other | 0 | 2 | 0 | 1 | 20 | 26 | 72.50 | 1 | 1 | 6.98 | 10.61 |
| Literature - World | 0 | 2 | 0 | 0 | 20 | 114 | 129.00 | 0 | 0 | 1.79 | 3.03 |
| Fine Arts - Classical Music | 0 | 2 | 1 | 0 | 15 | 74 | 91.00 | 0 | 2 | 3.92 | 11.52 |
| Science - Chemistry | 0 | 2 | 1 | 0 | 15 | 62 | 67.00 | 0 | 1 | 7.05 | 9.09 |
| Social Science | 0 | 1 | 1 | 0 | 5 | 99 | 99.00 | 0 | 0 | 0.76 | 1.52 |
| History - World | 0 | 1 | 1 | 0 | 5 | 92 | 92.00 | 0 | 1 | 2.06 | 1.52 |
| Popular Culture | 0 | 1 | 1 | 0 | 5 | 135 | 135.00 | 0 | 0 | 1.40 | 4.17 |
| Science - Physics | 0 | 2 | 3 | 0 | 5 | 103 | 109.00 | 0 | 1 | 2.04 | 7.88 |
| Fine Arts - Other | 0 | 1 | 2 | 0 | 0 | 99 | 99.00 | 0 | 0 | 1.33 | 3.64 |
| History - Other | 0 | 1 | 2 | 1 | 0 | 122 | 122.00 | 0 | 0 | 0.00 | 1.52 |
| Philosophy | 0 | 1 | 2 | 0 | 0 | 106 | 106.00 | 0 | 0 | 1.13 | 3.03 |